The Challenge of church growth, a symposium. (Record no. 3349)

MARC details
000 -LEADER
fixed length control field 00799cam a2200265 4500
001 - CONTROL NUMBER
control field 3679454
003 - CONTROL NUMBER IDENTIFIER
control field GBCCL
005 - DATE AND TIME OF LATEST TRANSACTION
control field 20241126110453.0
008 - FIXED-LENGTH DATA ELEMENTS--GENERAL INFORMATION
fixed length control field 750507s1973 inu 000 0 eng d
035 ## - SYSTEM CONTROL NUMBER
System control number (OCoLC)ocn685950193
035 ## - SYSTEM CONTROL NUMBER
System control number 3679454
040 ## - CATALOGING SOURCE
Original cataloging agency ICU
Transcribing agency ICU
Modifying agency YUS
049 ## -
-- YUTH
082 ## - DEWEY DECIMAL CLASSIFICATION NUMBER
Classification number 254.5
Item number CHA
245 04 - TITLE STATEMENT
Title The Challenge of church growth, a symposium.
Statement of responsibility, etc. Wilbert R. Shenk, editor; John H. Yoder [and others]
260 ## - PUBLICATION, DISTRIBUTION, ETC.
Place of publication, distribution, etc. [Elkhart, Ind.
Name of publisher, distributor, etc. Institute of Mennonite Studies,
Date of publication, distribution, etc. 1973]
300 ## - PHYSICAL DESCRIPTION
Extent 109 p.
Dimensions 22 cm.
410 20 - SERIES STATEMENT/ADDED ENTRY--CORPORATE NAME [OBSOLETE, CAN/MARC], [LOCAL, USA]
Corporate name or jurisdiction name as entry element Institute of Mennonite Studies.
Title of a work Missionary studies
Volume number/sequential designation no. 1
504 ## - BIBLIOGRAPHY, ETC. NOTE
Bibliography, etc. note Bibliography: p. 107-109.
650 #0 - SUBJECT ADDED ENTRY--TOPICAL TERM
Topical term or geographic name entry element Church growth.
9 (RLIN) 291
700 1# - ADDED ENTRY--PERSONAL NAME
Personal name Shenk, Wilbert R.
9 (RLIN) 1305
942 ## - ADDED ENTRY ELEMENTS (KOHA)
Source of classification or shelving scheme Dewey Decimal Classification
Koha item type Books
Koha issues (borrowed), all copies 6
947 ## - LOCAL PROCESSING INFORMATION (OCLC)
a FJG4142
948 ## - LOCAL PROCESSING INFORMATION (OCLC); SERIES PART DESIGNATOR (RLIN)
Series part designator, SPT (RLIN) OCLC RECON
Holdings
Withdrawn status Lost status Source of classification or shelving scheme Damaged status Not for loan Home library Current Library Shelving location Date acquired Total checkouts Full call number Barcode Date last seen Date last checked out Copy number Price effective from Koha item type
    Dewey Decimal Classification     GRACE BIBLE COLLEGE GRACE BIBLE COLLEGE Ministry & Mission 2017-11-24 6 254.5 CHA 002152 2025-05-01 2024-02-17 c.1 2017-11-24 Books
© Grace Bible College Library 2025